00382nam a2200145Ia 4500008004100000020001500041041000800056082001700064100003600081245003900117250000600156260005000162300001500212650000900227210716s1994 xx 000 0 und d a8186340386 aeng a005.268 HILV aHilley, Valda;Blakely, James M. aWindows 3.1 configuration secrets. a1 aNew DelhibGalgotia Publication Pvt Ltdc1994 axlviii,816 aNone